<?xml version="1.0" encoding="UTF-8"?><?xml-stylesheet type="text/xsl" href="static/style.xsl"?><OAI-PMH xmlns="http://www.openarchives.org/OAI/2.0/" xmlns:xsi="http://www.w3.org/2001/XMLSchema-instance" xsi:schemaLocation="http://www.openarchives.org/OAI/2.0/ http://www.openarchives.org/OAI/2.0/OAI-PMH.xsd"><responseDate>2026-04-17T03:34:42Z</responseDate><request verb="GetRecord" identifier="oai:www.recercat.cat:2072/420072" metadataPrefix="marc">https://recercat.cat/oai/request</request><GetRecord><record><header><identifier>oai:recercat.cat:2072/420072</identifier><datestamp>2025-04-25T19:59:59Z</datestamp><setSpec>com_2072_98</setSpec><setSpec>col_2072_378196</setSpec></header><metadata><record xmlns="http://www.loc.gov/MARC21/slim" xmlns:dcterms="http://purl.org/dc/terms/" xmlns:xsi="http://www.w3.org/2001/XMLSchema-instance" xmlns:doc="http://www.lyncode.com/xoai" xsi:schemaLocation="http://www.loc.gov/MARC21/slim http://www.loc.gov/standards/marcxml/schema/MARC21slim.xsd">
   <leader>00925njm 22002777a 4500</leader>
   <datafield ind2=" " ind1=" " tag="042">
      <subfield code="a">dc</subfield>
   </datafield>
   <datafield ind2=" " ind1=" " tag="720">
      <subfield code="a">Mañé Solé, Juli</subfield>
      <subfield code="e">author</subfield>
   </datafield>
   <datafield ind2=" " ind1=" " tag="720">
      <subfield code="a">Universitat Autònoma de Barcelona. Escola Tècnica Superior d'Enginyeria</subfield>
      <subfield code="e">author</subfield>
   </datafield>
   <datafield ind2=" " ind1=" " tag="720">
      <subfield code="a">Universitat Autònoma de Barcelona. Escola d'Enginyeria</subfield>
      <subfield code="e">author</subfield>
   </datafield>
   <datafield ind2=" " ind1=" " tag="260">
      <subfield code="c">2009</subfield>
   </datafield>
   <datafield ind2=" " ind1=" " tag="520">
      <subfield code="a">L'objectiu principal d'aquest projecte és crear un sistema que permeti generar i gestionar un mapa de navegació interactiu per a la web i per qualsevol àmbit. Per aconseguir-ho, el projecte està dividit en dos parts: el mapa de navegació i el gestor de continguts. La primera part és una interfície gràfica on hi hauran diferents menús amb les seves categories, cadascuna amb els seus filtres, i per últim, un menú per seleccionar diferents nivells de zoom. El gestor de continguts, la segona part del projecte, és l'eina que permet gestionar via web tots els aspectes relacionats amb la configuració del mapa i la gestió de continguts (menús, punts del mapa, punts d'interès i rutes).</subfield>
   </datafield>
   <datafield ind2=" " ind1=" " tag="520">
      <subfield code="a">El objetivo principal del presente proyecto es crear un sistema que permita generar y gestionar un mapa de navegación interactivo para web y para cualquier ámbito. Para lograr dicho objetivo, el proyecto se dividide en dos partes: el mapa de navegación y el gestor de contenidos. La primera es una interfaz gráfica donde habrá varios menús con sus categorías, cada una con sus filtros, y por último un menú para seleccionar distintos niveles de zoom. La segunda parte del proyecto, el gestor de contenidos, es una herramienta que permite gestionar vía web todos los aspectos relacionados con la configuración del mapa y sus contenidos (menús, puntos del mapa, puntos de interés y rutas).</subfield>
   </datafield>
   <datafield ind2=" " ind1=" " tag="520">
      <subfield code="a">The main objective of this project is to create a system to generate and administer an interactive navigation map for web into any scenario kind. To achieve this purpose, the project is divided in two parts: navigation map and a content management system. The first one, is a graphical user interface make it by a set of menus with their categories, with them filters, and finally, another menu to set between different zooms levels. The second one, content management system its use to manage all the navigation map's parameters and data stored (menus, map's point, sightseeing) by web.</subfield>
   </datafield>
   <datafield tag="653" ind2=" " ind1=" ">
      <subfield code="a">Pàgines web Desenvolupament</subfield>
   </datafield>
   <datafield tag="653" ind2=" " ind1=" ">
      <subfield code="a">Cartografia digital Internet</subfield>
   </datafield>
   <datafield ind2="0" ind1="0" tag="245">
      <subfield code="a">Mapa web interactiu de Barcelona</subfield>
   </datafield>
</record></metadata></record></GetRecord></OAI-PMH>